| 000 | 00573nam a22001937a 4500 | ||
|---|---|---|---|
| 999 |
_c5545 _d5545 |
||
| 003 | AR-CdUCM | ||
| 008 | 190312b ||||| |||| 00| 0 spa d | ||
| 020 | _a950-43-7832-3 | ||
| 040 |
_aMUNICIPALIDAD PROVINCIAL DEL CUSCO _cBIBLIOTECA MUNICIPAL DEL CUSCO |
||
| 082 |
_a869.26 / _bEL38 |
||
| 100 |
_aFleitas, WIlfrido Ruben _916617 |
||
| 245 | _aElegia para una canción / | ||
| 260 |
_aArgentina : _bCacuy, _c1996. |
||
| 300 |
_a23 páginas ; _c19 cm. |
||
| 650 |
_aPoemas argentinos _916618 |
||
| 650 |
_aPoesía Argentina _91657 |
||
| 942 |
_2ddc _cLIBROS |
||
| 945 | _aAndy | ||